000
00259nam a2200109Ia 4500
999
_c
8040
_d
8040
020
_a
978-8131727249
100
_a
Ronald J. Tocci
245
0
_a
Digital Systems Principles and Applications
260
_a
USA
_b
Microsoft Press
_c
1997
300
_a
913
942
_c
BK